00489pab a2200157 454500008004000000100001900040245009600059260000900155300001400164362000800178650002700186650003000213650003700243650002200280773002900302180718b2008 xxu||||| |||| 00| 0 eng d aMacnicol, John aOlder men and work in the twenty-first century: what can the history of retirement tell us? c2008 ap.579-95. aOct aOld age - 21st century aRetirement - 21st century aAgeing population - 21st century aAgeing population aJournal of Social Policy